| 000 | 00499nam a2200169Ia 4500 | ||
|---|---|---|---|
| 008 | 240729s9999 xx 000 0 und d | ||
| 022 | _a1482-1826 | ||
| 245 | 0 | _aJournal of Pharmacy & Pharmaceutical Sciences | |
| 260 | _aSwitzerland | ||
| 260 | _bFrontiers Media S.A. | ||
| 650 | _a Pharmacy and materia medica | ||
| 650 | _a Therapeutics. Pharmacology | Medicine | ||
| 650 | _aMedicine | ||
| 856 | _uhttps://doaj.org/toc/e9b1681cada5486da4defe7e0d2d1b2a | ||
| 942 | _2ddc | ||
| 942 | _cDOAJEJ | ||
| 999 |
_c75030 _d75030 |
||
| 945 |
_a1 _bMadushi Gamage _c1 _dMadushi Gamage |
||